00820nam a2200229 i 4500001000700000003000900007005001700016007000300033008004100036080003100077080001900108100002100127245016000148260003400308300005200342490003400394500004300428650003100471650002100502830003400523852003300557104876ES-MaACL20250824035313.0t|060518s1905 fr ||||1| fre d a725.822.036(443.61 P.)"18" a792(443.61 P.)1 aBeaulieu, Henri.14aLes théâtres du boulevard du crime b: cabinets galants, cabarets, théatres, cirques, bateleurs. De Nicolet Déjazet (1752-1862) / cHenri Beaulieu. aParis : bH. Daragon, c1905. a180 p., [1] h. pleg. de map. : bil. ; c23 cm.1 aBibliothèque du vieux Paris aBiblioteca Jacinto Martínez Lacalle.14aTeatros-zParís-yS.XIX.14aTeatro-zParís0 aBibliothèque du vieux Paris aES-MaACLjE-11216 bR.138928